El duque de Rivas y el de Madrid : (Record no. 193670)

MARC details
000 -LEADER
campo de control de longitud fija 00994nab a2200241 i 4500
001 - NÚMERO DE CONTROL
campo de control 193670
003 - IDENTIFICADOR DE NÚMERO DE CONTROL
campo de control ES-MaACL
005 - FECHA Y HORA DE LA ÚLTIMA TRANSACCIÓN
campo de control 20250810063056.0
007 - CAMPO FIJO DE DESCRIPCIÓN FÍSICA--INFORMACIÓN GENERAL
campo de control de longitud fija t|
008 - DATOS DE LONGITUD FIJA--INFORMACIÓN GENERAL
campo de control de longitud fija 240205s1963 sp ||||1| spa d
040 ## - FUENTE DE CATALOGACIÓN
Centro catalogador/agencia de origen ES-MaACL
Lengua de catalogación spa
100 1# - ENTRADA PRINCIPAL--NOMBRE DE PERSONA
Nombre de persona Iglesias Laguna, Antonio,
Fechas asociadas al nombre 1927-1972
Término indicativo de función/relación Autor
9 (RLIN) 65122
245 13 - MENCIÓN DEL TÍTULO
Título El duque de Rivas y el de Madrid :
Resto del título Romanticismo y politización : los ateneos /
Mención de responsabilidad, etc. Antonio Iglesias Laguna
260 ## - PUBLICACIÓN, DISTRIBUCIÓN, ETC.
Lugar de publicación, distribución, etc. [Madrid] :
Nombre del editor, distribuidor, etc. La Estafeta Literaria,
Fecha de publicación, distribución, etc. 1963
300 ## - DESCRIPCIÓN FÍSICA
Extensión 3 páginas :
Otras características físicas 2 ilustraciones ;
Dimensiones 30 cm
500 ## - NOTA GENERAL
Nota general Fotocopia del artículo del escritor y ateneísta Antonio Iglesias Laguna sobre el duque de Rivas y el Ateneo de Madrid, publicado en "La Estafeta literaria", 1963, n. 277
600 14 - PUNTO DE ACCESO ADICIONAL DE MATERIA--NOMBRE DE PERSONA
9 (RLIN) 97550
Nombre de persona Rivas, Ángel de Saavedra,
Títulos y otros términos asociados al nombre Duque de,
Fechas asociadas al nombre 1791-1865
610 24 - PUNTO DE ACCESO ADICIONAL DE MATERIA--NOMBRE DE ENTIDAD CORPORATIVA
Nombre de entidad corporativa o nombre de jurisdicción como elemento de entrada Ateneo de Madrid-
Subdivisión de forma Historia
9 (RLIN) 1925
852 4# - LOCALIZACIÓN
Ubicación ES-MaACL
Ubicación en estantería Depósito folletos
Número de control de estantería 2347-F-42
itemnumber 201191
942 ## - ELEMENTOS DE ENTRADA SECUNDARIOS (KOHA)
Fuente del sistema de clasificación o colocación Clasificación decimal universal
Tipo de ítem Koha Artículo de revista
Suprimir en OPAC No
Holdings
Estatus retirado Estado de pérdida Fuente del sistema de clasificación o colocación Estado de daño No para préstamo Colección Biblioteca de origen Biblioteca actual Ubicación en estantería Fecha de adquisición Número de control de estantería Total de préstamos Signatura topográfica completa Código de barras Visto por última vez Tipo de ítem Koha
    Clasificación decimal universal     Fondo Ateneo de Madrid Biblioteca del Ateneo de Madrid Biblioteca del Ateneo de Madrid Depósito folletos 05/02/2024 1   2347-F-42 101206571 05/02/2024 Artículo de revista